| 000 | 00375nam a2200133 a 4500 | ||
|---|---|---|---|
| 999 |
_c9391 _d9391 |
||
| 020 | _a0470609613(Paperback) | ||
| 082 | _a621.31937ARO | ||
| 100 | 1 | _aArora Ravindra | |
| 245 | 1 | 0 | _aHigh Voltage Engineering |
| 260 |
_aNew Delhi, _bKhanna Publishers, _c1996. |
||
| 300 | _aXIX,726 p. | ||
| 856 | 4 | 0 | _uhttp://www.amazon.com/exec/obidos/ASIN/B0007CDX1Y/chopaconline-20 |
| 942 | _cBK | ||